International economics: an Indian adaptation / (Record no. 3524)

000 -LEADER
fixed length control field 00625nam a2200205Ia 4500
008 - FIXED-LENGTH DATA ELEMENTS--GENERAL INFORMATION
fixed length control field 251204r20252021ii ad||gd|||||||| ||eng||
020 ## - INTERNATIONAL STANDARD BOOK NUMBER
International Standard Book Number 9789354247170
Terms of availability Rs. 1149.00
040 ## - CATALOGING SOURCE
Original cataloging agency IMU Kochi Library
082 04 - DEWEY DECIMAL CLASSIFICATION NUMBER
Classification number 337
Item number Sa388
Edition number 23
100 1# - MAIN ENTRY--PERSONAL NAME
Personal name Salvatore, Dominick
245 10 - TITLE STATEMENT
Title International economics: an Indian adaptation /
250 ## - EDITION STATEMENT
Edition statement 13th ed.
260 ## - PUBLICATION, DISTRIBUTION, ETC. (IMPRINT)
Place of publication, distribution, etc New Delhi :
Name of publisher, distributor, etc Wiley India Pvt. Ltd,
Date of publication, distribution, etc 2021, reprinted 2025
300 ## - PHYSICAL DESCRIPTION
Extent xlv, 660 p.
Other physical details ill ;
Dimensions ; 26 cm.
650 #0 - SUBJECT ADDED ENTRY--TOPICAL TERM
Topical term or geographic name as entry element International trade
700 ## - ADDED ENTRY--PERSONAL NAME
Personal name Sharma, Chandan
Relator term Joint Author
852 ## - LOCATION/CALL NUMBER
Location IMU Kochi Library
904 ## - LOCAL DATA ELEMENT D, LDD (RLIN)
CATALOGER Akhil Bose
942 ## - ADDED ENTRY ELEMENTS (KOHA)
Item type Books
Holdings
Withdrawn status Lost status Source of classification or shelving scheme Damaged status Not for loan Collection code Permanent location Current location Shelving location Date acquired Source of acquisition Cost, normal purchase price Full call number Barcode Date last seen Koha item type
          Management Studies IMU Kochi Library IMU Kochi Library General Stacks 2025-12-04 M/s Sterling Book House (Inv. no. INV/5818 dated 18.11.2025) 1149.00 337 Sa388 BK007846 2025-12-11 Books
          Management Studies IMU Kochi Library IMU Kochi Library General Stacks 2025-12-04 M/s Sterling Book House (Inv. no. INV/5818 dated 18.11.2025) 1149.00 337 Sa388 BK007847 2025-12-11 Books
          Management Studies IMU Kochi Library IMU Kochi Library General Stacks 2025-12-04 M/s Sterling Book House (Inv. no. INV/5818 dated 18.11.2025) 1149.00 337 Sa388 BK007848 2025-12-11 Books
          Management Studies IMU Kochi Library IMU Kochi Library General Stacks 2025-12-04 M/s Sterling Book House (Inv. no. INV/5818 dated 18.11.2025) 1149.00 337 Sa388 BK007849 2025-12-11 Books
          Management Studies IMU Kochi Library IMU Kochi Library General Stacks 2025-12-04 M/s Sterling Book House (Inv. no. INV/5818 dated 18.11.2025) 1149.00 337 Sa388 BK007850 2025-12-11 Books
          Management Studies IMU Kochi Library IMU Kochi Library General Stacks 2025-12-04 M/s Sterling Book House (Inv. no. INV/5818 dated 18.11.2025) 1149.00 337 Sa388 BK007851 2025-12-11 Books


Copyright © All Rights Reserved by Indian Maritime University, Kochi Campus.
For any Suggestions/Query Contact to library or Email: library.kochi@imu.ac.in Ph:(0484)-2989402
(Web OPAC Designed by Rudra Ranjan. Maintained by IMU Kochi Library)

Powered by Koha